MARC

Tag First Indicator Second Indicator Subfields
LEADER 00000cam a2200000Ii 4500
001 in00003784921
005 20170927134758.0
008 150126s2014 pl a b 001 0 pol d
020 |a 9788379692842 
020 |a 8379692845 
035 |a (OCoLC)ocn905886613 
035 |a (OCoLC)905886613 
040 |a NjP  |b eng  |e rda  |c PUL  |d OCLCO  |d OCLCF  |d TXA  |d UtOrBLW 
041 0 |a pol  |b eng 
043 |a e-pl--- 
049 |a TXAM 
050 4 |a PR2807  |b .S425 2014 
090 |a PR2807  |b .S46 2014 
245 0 0 |a Shakespeare 2014 :  |b w 450. rocznicę urodzin /  |c pod redakcją Krystyny Kujawińskiej Courtney i Moniki Sosnowskiej. 
264 1 |a Łódź :  |b Wydawnictwo Uniwersytetu Łódzkiego,  |c 2014. 
300 |a 235 pages :  |b illustrations (some color) ;  |c 25 cm 
336 |a text  |b txt  |2 rdacontent 
337 |a unmediated  |b n  |2 rdamedia 
338 |a volume  |b nc  |2 rdacarrier 
500 |a Book is in part the result of scientific discussion held at the International Centre for Research Shakespeare, at Uniwersytet Łódzk in 2012. 
546 |a Summaries in English. 
504 |a Includes bibliographical references (pages 213-231) and index. 
600 1 0 |a Shakespeare, William,  |d 1564-1616.  |t Hamlet.  |0 http://id.loc.gov/authorities/names/n80008522 
600 1 0 |a Shakespeare, William,  |d 1564-1616  |v Film adaptations.  |0 http://id.loc.gov/authorities/subjects/sh2010002340 
600 1 0 |a Shakespeare, William,  |d 1564-1616  |v Television adaptations.  |0 http://id.loc.gov/authorities/subjects/sh2010002340 
600 1 0 |a Shakespeare, William,  |d 1564-1616  |x Criticism and interpretation.  |0 http://id.loc.gov/authorities/subjects/sh85120926 
600 1 0 |a Shakespeare, William,  |d 1564-1616  |x Appreciation  |z Poland. 
600 1 7 |a Shakespeare, William,  |d 1564-1616.  |2 fast  |0 (OCoLC)fst00029048 
630 0 7 |a Hamlet (Shakespeare, William)  |2 fast  |0 (OCoLC)fst01356128 
655 7 |a Criticism, interpretation, etc.  |2 fast  |0 (OCoLC)fst01411635 
655 7 |a Film adaptations.  |2 fast  |0 (OCoLC)fst01710491 
655 7 |a Television adaptations.  |2 fast  |0 (OCoLC)fst01710478 
700 1 |a Kujawińska-Courtney, Krystyna,  |e editor.  |0 http://id.loc.gov/authorities/names/nr95011491 
700 1 |a Sosnowska, Monika,  |d 1972-  |e editor.  |0 http://id.loc.gov/authorities/names/no2007133469 
994 |a C0  |b TXA 
948 |a cataloged  |b h  |c 2016/5/12  |d c  |e nbehmer  |f 9:09:48 am 
999 f f |s d7a89e5b-24aa-3a6b-8780-482440a37a71  |i 1958640d-53fd-37ad-909a-eae9810f6860  |t 0 
952 f f |p normal  |a Texas A&M University  |b College Station  |c Sterling C. Evans Library  |d Evans: Library Stacks  |t 0  |e PR2807 .S46 2014  |h Library of Congress classification  |i unmediated -- volume  |m A14843505513 
998 f f |a PR2807 .S46 2014  |t 0  |l Evans: Library Stacks